000 00731nam a2200253Ia 4500
003 OSt
005 20220918222035.0
006 a|||||r|||| 00| 0
007 ta
008 220917b |||||||| |||| 00| 0 eng d
024 _a215,498
037 _cTextual
040 _aARTS
_cARTS
_beng
041 _2eng
_aeng
082 _aV28211,1.M, P3-;1
100 _aPeabody Norbert
_925813
245 0 _aHindu kingship and polity in precolonial India
260 _aUK
_bCambridge university press
_c2003
300 _axiii, 190 p
_ccm.
490 _aCambridge studies in Indian history & society; 9
650 _aHISTORY
942 _hV28211,1.M, P3-;1
_cTEXL
_2CC
999 _c274397
_d274397